000
00307nam a22001337a 4500
008
181121b xxu||||| |||| 00| 0 eng d
020
_a
9780323265416
041
_a
eng
080
_2
7 TH
_a
610
100
_a
3
101
_a
SHM
245
_a
Physical Examination Assessment
_c
Jarvis.p
942
_2
udc
_c
BK
999
_c
52284
_d
52284